Home Print Resources E-Books E-Journals IIMT Lecture Series Library Membership Form Book Recommendation Form Campus Tour Take AdmissionAbout Us Contact Us

LITTLE OXFORD ENGLISH DICTIONARY (Record no. 44152)

000 -LEADER
fixed length control field nam a22 7a 4500
003 - CONTROL NUMBER IDENTIFIER
control field OSt
005 - DATE AND TIME OF LATEST TRANSACTION
control field 20180504114231.0
008 - FIXED-LENGTH DATA ELEMENTS--GENERAL INFORMATION
fixed length control field 180504b xxu||||| |||| 00| 0 eng d
040 ## - CATALOGING SOURCE
Transcribing agency IIMT UNIVERSITY, MEERUT
050 ## - LIBRARY OF CONGRESS CALL NUMBER
Classification number 403.112OXF
Item number 330
082 ## - DEWEY DECIMAL CLASSIFICATION NUMBER
Edition number 9TH
Classification number 403.112OXF
Item number 330
100 ## - MAIN ENTRY--PERSONAL NAME
Personal name OXFORD UNIVERSITY, PRESS
245 ## - TITLE STATEMENT
Title LITTLE OXFORD ENGLISH DICTIONARY
260 ## - PUBLICATION, DISTRIBUTION, ETC.
Place of publication, distribution, etc. DELHI
Name of publisher, distributor, etc. OXFORD UNIVERSITY PRESS
Date of publication, distribution, etc. 2013
300 ## - PHYSICAL DESCRIPTION
Other physical details 9TH ED.818 PP.
760 ## - MAIN SERIES ENTRY
Edition 9TH ED.
856 ## - ELECTRONIC LOCATION AND ACCESS
Materials specified HARD BOUND
887 ## - NON-MARC INFORMATION FIELD
Source of data ACCESSION REGISTER
942 ## - ADDED ENTRY ELEMENTS (KOHA)
Source of classification or shelving scheme
Koha item type Text-Book- for 7 days
Edition 9TH ED.
Classification part TITLE
Item part BOOK
Call number prefix 403.112OXF
Call number suffix 403.112OXF
Holdings
Withdrawn status Lost status Source of classification or shelving scheme Materials specified (bound volume or other part) Damaged status Not for loan Home library Current library Date acquired Source of acquisition Coded location qualifier Cost, normal purchase price Inventory number Total Checkouts Full call number Barcode Date last seen Copy number Uniform Resource Identifier Cost, replacement price Price effective from Koha item type Public note
      PAPER BACK     IIMT College of Architecture IIMT College of Architecture 05/04/2018 TRANSFER UNIVERSITY LIBRARY ARCHITECTU 205.00 TRANSFER UNIVERSITY LIBRARY   403.112OXF 330 24-B-330 05/04/2018 R ARCHITECTURE 205.00 04/30/2018 Text-Book- for 7 days ENGLISH
IIMT, Central Library. All Rights Reserved IIMT,UNIVERSITY © 2023
Implemented and Customised by I CLOUDE EMS
You Are OPAC Visitor No
free web counter

Powered by Koha